JavaScript step by step / (Record no. 11434)
[ view plain ]
| 000 -LEADER | |
|---|---|
| fixed length control field | 01391cam a22003257a 4500 |
| 001 - CONTROL NUMBER | |
| control field | 15093908 |
| 005 - DATE AND TIME OF LATEST TRANSACTION | |
| control field | 20080625114412.0 |
| 008 - FIXED-LENGTH DATA ELEMENTS--GENERAL INFORMATION | |
| fixed length control field | 071127s2008 waua 001 0 eng d |
| 010 ## - LIBRARY OF CONGRESS CONTROL NUMBER | |
| LC control number | 2007942080 |
| 020 ## - INTERNATIONAL STANDARD BOOK NUMBER | |
| International Standard Book Number | 0735624496 |
| 020 ## - INTERNATIONAL STANDARD BOOK NUMBER | |
| International Standard Book Number | 9780735624498 |
| 035 ## - SYSTEM CONTROL NUMBER | |
| System control number | (OCoLC)ocn190395764 |
| 040 ## - CATALOGING SOURCE | |
| Original cataloging agency | YDXCP |
| Transcribing agency | YDXCP |
| Modifying agency | BAKER |
| -- | SA$ |
| -- | OCLCQ |
| -- | DLC |
| 042 ## - AUTHENTICATION CODE | |
| Authentication code | lccopycat |
| 050 00 - LIBRARY OF CONGRESS CALL NUMBER | |
| Classification number | QA76.73.J39 |
| Item number | S84 2008 |
| 082 04 - DEWEY DECIMAL CLASSIFICATION NUMBER | |
| Classification number | 005.2762 |
| Edition number | 22 |
| Item number | SUE |
| 100 1# - MAIN ENTRY--PERSONAL NAME | |
| Personal name | Suehring, Steve. |
| 9 (RLIN) | 4305 |
| 245 10 - TITLE STATEMENT | |
| Title | JavaScript step by step / |
| Statement of responsibility, etc | Steve Suehring. |
| 260 ## - PUBLICATION, DISTRIBUTION, ETC. (IMPRINT) | |
| Place of publication, distribution, etc | Redmond, Wash. : |
| Name of publisher, distributor, etc | Microsoft, |
| Date of publication, distribution, etc | c2008. |
| 300 ## - PHYSICAL DESCRIPTION | |
| Extent | xxii, 389 p. : |
| Other physical details | ill. ; |
| Dimensions | 23 cm + |
| Accompanying material | 1 CD-ROM (4 3/4 in.). |
| 440 1# - | |
| -- | Step by step |
| -- | 4306 |
| 500 ## - GENERAL NOTE | |
| General note | "ebook + exercises"---cover |
| 500 ## - GENERAL NOTE | |
| General note | Includes index. |
| 650 #0 - SUBJECT ADDED ENTRY--TOPICAL TERM | |
| Topical term or geographic name as entry element | JavaScript (Computer program language) |
| 9 (RLIN) | 4307 |
| 830 #0 - SERIES ADDED ENTRY--UNIFORM TITLE | |
| Uniform title | Step by step (Redmond, Wash.) |
| 9 (RLIN) | 4308 |
| 942 ## - ADDED ENTRY ELEMENTS (KOHA) | |
| Source of classification or shelving scheme | Dewey Decimal Classification |
| Item type | Book - Borrowing |
| Withdrawn status | Item status | Source of classification or shelving scheme | Damaged status | Not for loan | Vendor | Home library | Current library | Shelving location | Date acquired | Source of acquisition | Cost, normal purchase price | Serial Enumeration / chronology | Total Checkouts | Total Renewals | Full call number | Barcode | Date last seen | Date last borrowed | Koha item type |
|---|---|---|---|---|---|---|---|---|---|---|---|---|---|---|---|---|---|---|---|
| Dewey Decimal Classification | Baccah | Central Library | Central Library | Lower Floor | 26/04/2009 | 256.00 | 7073 | 8 | 20 | 005.2762 SUE | 000015559 | 15/07/2025 | 05/03/2019 | Book - Borrowing | |||||
| Dewey Decimal Classification | Baccah | Central Library | Central Library | Lower Floor | 26/04/2009 | 256.00 | 7073 | 2 | 2 | 005.2762 SUE | 000015558 | 24/08/2022 | 22/05/2014 | CD | DVD - With book |